| 000 | 00568nam a2200145 4500 | ||
|---|---|---|---|
| 999 |
_c15832 _d15832 |
||
| 008 | 201215b ||||| |||| 00| 0 eng d | ||
| 022 | _a10422587 | ||
| 082 | _aDPer 658.405 En86 2012 v.36 n.5 | ||
| 100 |
_aFisher, Greg _942666 |
||
| 245 |
_aEffectuation, causation, and bricolage: _ba behavioral comparison of emerging theories in entrepreneurship research/ _cGreg Fisher. |
||
| 260 |
_aHoboken, NJ: _bWiley Subscription Services, Inc., _c©2012. |
||
| 300 |
_aV36 n5, 1019-1052 pages: _billustrations; _c25 cm. |
||
| 650 |
_aEntrepreneurship. _942667 |
||
| 942 |
_2ddc _cPER |
||